Statistics for State Capitals Closest to San Antonio

Click here to take the quiz!

General Stats

  • This quiz has been taken 59 times
  • The average score is 9 of 10

Answer Stats

Distance (Miles)State Captial% Correct
73.8Austin
100%
442.7Baton Rouge
100%
423.1Oklahoma City
98%
612.2Santa Fe
93%
512.3Little Rock
90%
750.2Montgomery
88%
530.9Jackson
86%
683.8Topeka
86%
728.1Jefferson City
81%
792.9Lincoln
79%

Score Distribution

Percentile by Number Answered

Percent of People with Each Score

Your Score History

You have not taken this quiz